Tapping thozhilaly dowrlabhyam: Oru visakalanam (Record no. 51971)

MARC details
000 -LEADER
fixed length control field 00359nam a2200145Ia 4500
100 ## - MAIN ENTRY--AUTHOR NAME
Personal name Surykumar S.
245 #0 - TITLE STATEMENT
Title Tapping thozhilaly dowrlabhyam: Oru visakalanam
260 ## - PUBLICATION, DISTRIBUTION, ETC. (IMPRINT)
Name of publisher Rubber
Year of publication 2010
300 ## - PHYSICAL DESCRIPTION
Number of Pages 20-21
700 ## - ADDED ENTRY--PERSONAL NAME
Personal name Abraham Rosamma
700 ## - ADDED ENTRY--PERSONAL NAME
Personal name Geethkrishnan
700 ## - ADDED ENTRY--PERSONAL NAME
Personal name Nair R.B.
942 ## - ADDED ENTRY ELEMENTS (KOHA)
Koha item type Bibliography STAF
Holdings
Withdrawn status Lost status Damaged status Not for loan Home library Current library Date acquired Serial Enumeration / chronology Koha item type
      Bibliography RRII Library RRII Library 29/10/2010 Volume 533, Issue Aug Bibliography STAF